000 00362cam a22001337a 4500
008 180718b1983 xxu||||| |||| 00| 0 eng d
082 _aAPPPA 82-83 DAS
100 _aDas, S.K.
245 _aJob-shop scheduling
_cby S.K. Das
260 _aNew Delhi
_bIndian Institute of Public Administration
_c1983
300 _a69p.
650 _aJob-shop
650 _aSchedule
999 _c501281
_d501281